000
00340nam a22001577a 4500
020
_a
023-033-236-6
082
_a
530
_b
MAC/P
100
_a
MACMILLAN
245
_a
PHYSICS -XI
246
_a
PHYSICS -XI
_b
PHYSICS -XI
260
_a
NEW DELHI
_b
MACMILLAN
300
_a
660
520
_a
PHYSICS- FULLMARKS
650
_a
PHYSICS
942
_c
BK
999
_c
8558
_d
8558